| Tag |
First Indicator |
Second Indicator |
Subfields |
| LEADER |
00000cam a2200000 a 4500 |
| 001 |
in00000020064 |
| 005 |
20151007053817.0 |
| 008 |
870319s1987 cau b 00110 eng |
| 010 |
|
|
|a 87004971
|
| 020 |
|
|
|z 0303904495 (pbk. : cover)
|
| 020 |
|
|
|a 0803903812 (hard : cover)
|
| 020 |
|
|
|a 0803930992
|
| 035 |
|
|
|a (OCoLC)15488795
|
| 035 |
|
|
|9 AAB2899AM
|
| 040 |
|
|
|a DLC
|c DLC
|d TXA
|d UtOrBLW
|
| 043 |
|
|
|a n-us---
|
| 049 |
|
|
|a TXAM
|c [A11085531]
|
| 050 |
0 |
0 |
|a HQ809.3.U5
|b G448 1987
|
| 082 |
0 |
|
|a 306.8/72
|2 19
|
| 100 |
1 |
|
|a Gelles, Richard J.
|
| 245 |
1 |
4 |
|a The violent home /
|c Richard J. Gelles.
|
| 250 |
|
|
|a Updated ed.
|
| 264 |
|
1 |
|a Newbury Park, Calif. :
|b Sage Publications,
|c [1987]
|
| 264 |
|
4 |
|c ©1987
|
| 300 |
|
|
|a 224 pages ;
|c 22 cm.
|
| 336 |
|
|
|a text
|b txt
|2 rdacontent
|
| 337 |
|
|
|a unmediated
|b n
|2 rdamedia
|
| 338 |
|
|
|a volume
|b nc
|2 rdacarrier
|
| 490 |
1 |
|
|a Sage library of social research ;
|v 13
|
| 504 |
|
|
|a Bibliography: pages 195-202.
|
| 500 |
|
|
|a Includes index.
|
| 650 |
|
0 |
|a Family violence
|z United States.
|
| 650 |
|
0 |
|a Marital violence
|z United States.
|
| 830 |
|
0 |
|a Sage library of social research ;
|v 13.
|
| 999 |
|
|
|a MARS
|
| 999 |
f |
f |
|s bcd678b2-09ac-3a05-ae7c-81df18b3869a
|i c91b5a22-13bd-34fb-a723-096998fd7661
|t 0
|
| 952 |
f |
f |
|p ric
|a Texas A&M University
|b Rellis Campus
|c Joint Library Facility
|d Remote Storage
|t 0
|e HQ809.3.U5 G448 1987
|h Library of Congress classification
|i unmediated -- volume
|m A14811085531
|
| 998 |
f |
f |
|a HQ809.3.U5 G448 1987
|t 0
|l Remote Storage
|